Normal view
MARC view
- Beckett, Samuel,
Entry Personal Name
001 - CONTROL NUMBER
- control field: 107614
003 - CONTROL NUMBER IDENTIFIER
- control field: NUST
005 - DATE AND TIME OF LATEST TRANSACTION
- control field: 20230125113510.0
008 - FIXED-LENGTH DATA ELEMENTS
- fixed length control field: 230125|| aca||aabn | a|a d
040 ## - CATALOGING SOURCE
- Original cataloging agency: NUST
- Transcribing agency: NUST
100 ## - HEADING--PERSONAL NAME
- Personal name: Beckett, Samuel,
- Dates associated with a name: 1906-1989.
- Title of a work: En attendant Godot
670 ## - SOURCE DATA FOUND
- Source citation: Work cat.: (NUST)178927: Beckett,Samuel 317, Waiting for Godot :, 2006
